Linguistics: an introduction (0 521 47854 5)

Сохранить в:
Библиографические подробности
Главный автор: Andrew Radford ...[et al.]
Формат:
Язык:Undetermined
Опубликовано: Cambridge 1999
Метки: Добавить метку
Нет меток, Требуется 1-ая метка записи!
Thư viện lưu trữ: Trung tâm Học liệu Trường Đại học Cần Thơ
LEADER 00419nam a2200145Ia 4500
001 CTU_49383
008 210402s9999 xx 000 0 und d
082 |a 410 
082 |b L755 
100 |a Andrew Radford ...[et al.] 
245 0 |a Linguistics: an introduction (0 521 47854 5) 
245 0 |c Andrew Radford ...[et al.] 
260 |b Cambridge 
260 |c 1999 
980 |a Trung tâm Học liệu Trường Đại học Cần Thơ